Quizzes
Events
Quiz Creation
Community
Videos
Private Events
Remove Ads
Sign In
Join for FREE
Feedback
Dark Mode
Quiz Categories
Sports
Geography
Music
Movies
Television
Just For Fun
Miscellaneous
History
Literature
Language
Science
Gaming
Entertainment
Religion
Holiday
For Kids
Quiz Lab
Recent
Popular Today
Quiz Kudos Today
Editor Picks
Curator Picks
Quizzes by...
Day
Popularity
Type
Ratings
Length
Year
Community
Subscriptions
Recent Discussions
Orange Saloon
Badges
Playlists
Quests
Create
Leaderboards
Showdown
Live 5
Trivia Bingo
Activity
Puzzle Library
Sporcle Events
Private Events
Virtual Trivia
Globe League
Become a Host
Pub Owners
SporcleCon
Opinionation
Our Games
Videos
Blog
Mobile Apps
Partnerships
Remove Ads and Go Orange
Feedback
Miscellaneous
Crossword
General Knowledge
Baby Names
Logo
Food
Cars
Numbers
Grab Bag
University
College
Popular
Company
Slogans
Restaurants
Justice
Letter
Miscellaneous
Crossword
General Knowledge
Baby Names
Logo
Food
Cars
Numbers
Grab Bag
University
College
Popular
Company
Slogans
Restaurants
Justice
Letter
Random Quiz
Search Sporcle
×
Quiz Lab
Quiz Lab
Miscellaneous
Top 10
Type in answers that appear in a list
Type in answers that appear in a list
Classic
Best Score? Go Orange.
Top 10 Grab Bag Stats
Can you name the Top 10 Grab Bag?
By
rm11
15m
82 Questions
1,554 Plays
1,554 Plays
1,554 Plays
Comments
Comments
Give Quiz Kudos
Give Quiz Kudos
-
- Ratings
hide this ad
Replay
Link that replays current quiz
Next Quiz
Link to next quiz in quiz playlist
You Got
0%
They Got
Avg Score
25%
Avg Friend Score
Upgrade to see
Score Distribution
Jump to the score distribution portion of the page
Score
0/82
Timer
15:00
0
Plays Today
% Correct
Cheetah
92.3%
World War 2
76.1%
World War 1
75.4%
Lion
70.8%
Saudi Arabia
68.7%
China
60.9%
Iran
60%
Sudan
47.3%
Russian Civil
47%
USSR
45.8%
Iraq
45.8%
Denmark
42.7%
Kirsten Dunst
41.6%
King Abdullah Bin Abdulaziz of Saudi Arabia
40.5%
USA
40%
Flying
39.7%
Morgan Freeman
38.5%
Syria
37.6%
Samuel L Jackson
37.5%
Tom Hanks
36.4%
Norway
34.4%
Grant's Gazelle
33.2%
Thomson's Gazelle
33.2%
Gary Oldman
33.2%
Great Britain and Ireland
33%
Austria
31.6%
Vietnam
31.3%
Horse
31.1%
% Correct
Australia
30.8%
Spiders
30.1%
New Zealand
29.6%
Death
26.3%
Japan
26.3%
Finland
26.1%
Sheikh Khalifa Zayed Al Nahayan of United Arab Emirates
24.2%
Pronghorn Antelope
23%
Julia Roberts
20.5%
Netherlands
20.5%
Qaboos Bin Said of Oman
19.8%
Drew Barrymore
19.6%
Sandra Bullock
19.6%
King Bhumibol Adulyadej of Thailand
19.2%
Sheikh Hamed Bin Khalifa Al Thani of Qatar
19.1%
Heights
19%
Tom Cruise
18.9%
Thunderstorms
18.7%
Vomiting
18%
Hajji Hassand Bolkiah - Sultan of Brunei
17.8%
People and Social Situations
17.4%
Germany
16.7%
Harrison Ford
16.2%
Yemen
15.8%
Cancer
14.6%
Canada
14.4%
Robin Williams
14.2%
Prince Albert ll of Monaco
13.8%
% Correct
Red Fox
12.5%
Hugo Weaving
11.1%
Second Congo
11%
Cameron Diaz
11%
Eddie Murphy
9.7%
Confined Spaces
9.5%
Sigourney Weaver
9.3%
King Mohammed IV of Morocco
8.8%
Poland
7.8%
Bruce Willis
7.7%
Mongol Conquests
7.1%
Brown Hare
6.9%
Open Spaces
5.8%
Hans-Adam II von Liechtenstein
5.7%
Helena Bonham Carter
5.6%
Sheikh Mohammed Bin Rashid Al Maktoum of Dubai
5.5%
Blue Wildebeest
4.4%
Cate Blanchett
4.2%
Springbok
3.1%
An Shi Rebellion
1.7%
Qing Dynasty Conquest of Ming Dynasty
1.4%
Taiping Rebellion
1.2%
Conquests of Timur
1%
Elizabeth Banks
1%
Dungan Revolt
0.8%
Kathy Bates
0.8%
Quiz Playlist
Details
Report
Send in Message
Add To Playlist
Classic:
Type in answers that appear in a list
Last Updated: Feb 16, 2017
Quiz Scoreboard
CHALLENGE
Sign Up to Join the Scoreboard
Show All
Scores
Hide
Comments
May contain spoilers
Recently Published
One Thing in Common: World Cities II
by knightlancer
Geography
7m
Popular People in 1961
by mucciniale
History
6m
1-10 Letter E Words III
by El_Dandy
Language
2m
More to Explore
Quiz From the Vault
Featured Blog Post
Where Did the Easter Bunny Come From?
hide this ad
You Might Also Like...
Tags
bag
Top 10
Today's Top Quizzes in Miscellaneous
Browse Miscellaneous
hide this ad
Today's Top Quizzes in Top 10
Browse Top 10
Top Contributed Quizzes in Miscellaneous
1
The JOE quick-fire general knowledge quiz: Day 173
2
The JOE quick-fire general knowledge quiz: Day 172
3
Sunday Crossword: Famous Bodies of Water
4
Named After an Animal - Odd One Out!
5
sort kpop groups by number of members
6
One Thing in Common: United Kingdom II
7
The JOE quick-fire general knowledge quiz: Day 171
8
Lays Potato Chip Flavour Contest Finalists
9
The JOE quick-fire quiz: Day 170
10
Sunday Crossword: Themeless #5
Explore More
Trending Topics
NBA
Crossword
Disney
Marvel
Harry Potter
Kpop
Anime
Soccer
Pokémon
Puzzle
Song
The Office
WWE
Country
NFL
hide this ad
More By:
rm11
Quiz
Plays
Rating
Category
Featured
Created
The only country.....
1,720
3.49
Geography
Apr 23, 2011
Top 10 Grab Bag
1,554
3.07
Miscellaneous
Dec 27, 2010
Celebrities Born in Surprising Places
318
3.25
Miscellaneous
Jan 15, 2011
English Premier League 10/11 Review
235
5.00
Sports
May 25, 2011
Sport Competitions Grab Bag
163
4.00
Sports
Feb 8, 2011
Go to Creator's Profile
Score Distribution
Quiz Creator Spotlight
rm11
Follow
Send a Message
Quizzes Created
-
Created Quiz Play Count
-
More By This Creator
Popular Quizzes Today
1
Find the US States - No Outlines Minefield
2
The Countries of the World
3
Find the Countries of Europe - No Outlines Minefield
4
Popular People in 1961
5
1-10 Letter E Words III
6
Find the US States
7
One Thing in Common: World Cities II
8
US States
More Miscellaneous Quizzes
Sporcle Famous
Published
Trending Quizzes
Risky Map Clicking: Least Populous States A-Z
1-10 Letter F Words
1-10 Letter G Words
One Thing in Common: United Kingdom
Risky Map Clicking: Next State Alphabetically
Recently Updated
Leaping Animals
pecheneg
Reality TV Shows (A-Z)
bhenderson79
Rickey Henderson's Hall of Fame Teammates
pecheneg
Champions League XIs: Arsenal
pecheneg
Quick Pick: Celebrities in WWE's Hall of Fame
aduchscher
A-Z Keypad Blitz II
pecheneg
Multiple Oscar Actors
pecheneg
Mystery Phrase Blitz: Oscar 'Best Actors'
pecheneg
F. Scott Fitzgerald Novels
LTH
Pick 3 Villains
ddd62291
Trending Topics
Crossword
Harry Potter
Kpop
Anime
NBA
Disney
Marvel
Pokémon
Country
The Office
Song
WWE
NFL
Soccer
Puzzle
Your Account Isn't Verified!
In order to create a playlist on Sporcle, you need to verify the email address you used during registration. Go to your
Sporcle Settings
to finish the process.
Report this User
Report this user for behavior that violates our
Community Guidelines
.
Details:
Send Report
Go to the Sporcle.com Mobile Site →
Comments